| 000 | 01786cam a2200409 a 4500 | ||
|---|---|---|---|
| 001 | 12877053 | ||
| 003 | OSt | ||
| 005 | 20210416053759.0 | ||
| 008 | 020731s2002 nyuaf b 001 0deng | ||
| 010 | _a 2002030331 | ||
| 020 | _a0684810271 | ||
| 040 |
_aDLC _cDLC _dDLC |
||
| 043 |
_ae-gx--- _an-us--- |
||
| 050 | 0 | 0 |
_aE807 _b.B46 2002 |
| 080 |
_a94 _bB-52 |
||
| 082 | 0 | 0 |
_a940.53/144/0943 _221 |
| 100 | 1 | _aBeschloss, Michael R. | |
| 245 | 1 | 4 |
_aThe conquerors : _bRoosevelt, Truman, and the destruction of Hitler's Germany, 1941-1945 / _cMichael Beschloss. |
| 260 |
_aNew York : _bSimon & Schuster, _cc2002. |
||
| 300 |
_axiv, 377 p., [16] p. of plates : _bill. ; _c25 cm. |
||
| 504 | _aIncludes bibliographical references (p. 297-314) and index. | ||
| 600 | 1 | 0 |
_aRoosevelt, Franklin D. _q(Franklin Delano), _d1882-1945. |
| 600 | 1 | 0 |
_aTruman, Harry S., _d1884-1972. |
| 600 | 1 | 0 |
_aMorgenthau, Henry, _d1891-1967. |
| 650 | 0 |
_aWorld War, 1939-1945 _zGermany. |
|
| 650 | 0 |
_aReconstruction (1939-1951) _zGermany. |
|
| 650 | 0 |
_aWorld War, 1939-1945 _xDiplomatic history. |
|
| 651 | 0 |
_aUnited States _xForeign relations _y1933-1945. |
|
| 651 | 0 |
_aUnited States _xPolitics and government _y1933-1945. |
|
| 856 | 4 | 2 |
_3Contributor biographical information _uhttp://www.loc.gov/catdir/bios/simon051/2002030331.html |
| 856 | 4 | 1 |
_3Table of contents only _uhttp://www.loc.gov/catdir/toc/simon031/2002030331.html |
| 856 | 4 | 2 |
_3Publisher description _uhttp://www.loc.gov/catdir/description/simon031/2002030331.html |
| 856 | 4 | 1 |
_3Sample text _uhttp://www.loc.gov/catdir/enhancements/fy0645/2002030331-s.html |
| 906 |
_a7 _bcbc _corignew _d1 _eocip _f20 _gy-gencatlg |
||
| 942 |
_2udc _cBK |
||
| 999 |
_c121 _d121 |
||